|
|
|
|
| LEADER |
00000nam a2200000 a 4500 |
| 001 |
vtls001335979 |
| 003 |
SK-MaSNL |
| 005 |
20260302033515.0 |
| 008 |
251124s1997 xr 0 cze |
| 020 |
|
|
|a 8071844234
|c [121,00]
|
| 035 |
|
|
|a SNK000288960
|
| 040 |
|
|
|a SNK
|b slo
|c SNK
|e AACR2
|
| 044 |
|
|
|a xr
|c CZ
|
| 080 |
|
|
|a 94(=924)(082)
|2 1981
|
| 245 |
1 |
|
|a Židé v novodobých dějinách
|b soubor přednášek na FF UK
|
| 260 |
|
|
|a Praha
|b Karolinum
|c 1997
|
| 650 |
0 |
7 |
|a Židia
|x dejiny
|x zborníky
|2 SNK
|9 683798
|
| 700 |
1 |
|
|a Veber, Václav
|9 383777
|
| 919 |
|
|
|a 80-7184-423-4
|
| 999 |
|
|
|c 1062021
|d 1063951
|
| 952 |
|
|
|t P60, <04>, [BOOK], {604}, -K-
|a SNK
|b SNK
|y VYP
|7 0
|p 17A0141177
|o snkIC 127360
|i snkV 874/98
|0 0
|1 0
|4 0
|d 1998-07-02
|l 0
|r 2005-01-02 00:00:00
|w 2026-02-24
|